Potencial del balsamo del Peru para la producción de aromáticos (Myroxylom Peruiferum L.f.)

Guardat en:
Dades bibliogràfiques
Autor principal: Quirós Madriz, Rogelio A.
Format: Llibre
Publicat: [San José , Costa Rica] 1984
Matèries:
Etiquetes: Afegir etiqueta
Sense etiquetes, Sigues el primer a etiquetar aquest registre!

MARC

LEADER 00000nam a2200000Ia 4500
003 002313
005 20221231144416.0
008 140114s984 c a m 000 ||s d
040 |c cru CEDI 
090 |a TFG 1430 
100 |a Quirós Madriz, Rogelio A.  |9 15155 
245 |a Potencial del balsamo del Peru para la producción de aromáticos (Myroxylom Peruiferum L.f.) 
260 |c 1984  |a [San José , Costa Rica] 
300 |a  100 hojas : ilustraciones (algunas plegables) ; 28 cm  
500 |a Proyecto de graduación(licenciatura en ingeniería química)--Universidad de Costa Rica. Facultad de Ingeniería. Escuela de Ingeniería Química 
650 |x BALSAMO DE PERU  |9 15156 
942 |c TFG  |2 ddc 
999 |c 21444  |d 21444